Normal view
MARC view
Entry Topical Term
001 - CONTROL NUMBER
- control field: 16645
003 - CONTROL NUMBER IDENTIFIER
- control field: BD-RjUL
005 - DATE AND TIME OF LATEST TRANSACTION
- control field: 20250825105918.0
008 - FIXED-LENGTH DATA ELEMENTS
- fixed length control field: 250825|| aca||aabn | a|a d
040 ## - CATALOGING SOURCE
- Original cataloging agency: BD-RjUL
- Transcribing agency: BD-RjUL
150 ## - HEADING--TOPICAL TERM
- Topical term or geographic name entry element: American literature
- General subdivision: essays
670 ## - SOURCE DATA FOUND
- Source citation: Work cat.: (BD-RjUL)85562: Emerson, Ralph Waldo 15488, Society and solitude and other essays, by Ralph Waldo Emerson /, 1912, [reprinted1916]